[Event "ENG-ch U1700 Women"]
[Site "Kenilworth"]
[Date "2025.07.18"]
[Round "2.8"]
[White "Prabhakaran, Anvikkashri"]
[Black "Boozorginia, Zoya"]
[Result "1-0"]
[WhiteElo "1633"]
[BlackElo "1504"]
[PlyCount "65"]
[EventDate "2025.07.18"]
[EventType "swiss"]
[EventRounds "7"]
[EventCountry "ENG"]
[SourceTitle "BritBase"]
[Source "John Saunders"]
[SourceDate "2025.07.24"]
[SourceVersion "1"]
[SourceVersionDate "2025.07.24"]
[SourceQuality "1"]

1. d4 d5 2. c4 e6 3. Nc3 Nf6 4. Nf3 Be7 5. Bf4 Nbd7 6. e3 O-O 7. Bd3 Re8 8. O-O a6 9. Rc1 dxc4 10. Bxc4 b5 11. Bb3 Bb7 12. d5 Nf8 13. dxe6 fxe6 14. Nd4 Bd6 15. Nce2 Kh8 16. Bg3 Qd7 17. a4 Rad8 18. Bxd6 cxd6 19. axb5 axb5 20. Nc3 Ba6 21. Re1 e5 22. Nf3 h6 23. Nd5 Rc8 24. Rxc8 Bxc8 25. Nb6 Qe7 26. Nd5 Nxd5 27. Qxd5 Be6 28. Qxb5 Nd7 29. Bxe6 Qxe6 30. Rb1 Rb8 31. Qf1 Nc5 32. b4 Qa2 33. Ra1 1-0

[Event "ENG-ch U1700 Women"]
[Site "Kenilworth"]
[Date "2025.07.18"]
[Round "2.9"]
[White "Gelder, Stephanie"]
[Black "Patel, Diah"]
[Result "0-1"]
[WhiteElo "1490"]
[BlackElo "1547"]
[PlyCount "47"]
[EventDate "2025.07.18"]
[EventType "swiss"]
[EventRounds "7"]
[EventCountry "ENG"]
[SourceTitle "BritBase"]
[Source "John Saunders"]
[SourceDate "2025.07.24"]
[SourceVersion "1"]
[SourceVersionDate "2025.07.24"]
[SourceQuality "1"]

1. Nf3 c6 2. c4 Nf6 3. b3 d5 4. Bb2 Bf5 5. cxd5 cxd5 6. Nc3 Nc6 7. g3 e5 8. d3 d4 9. Nb5 Qa5+ 10. Nd2 Qxb5 11. Bg2 Bd6 12. O-O O-O 13. a4 Qb6 14. Nc4 Qc7 15. Rc1 Qd7 16. Ra1 Bc7 17. Rc1 Bh3 18. f3 Bxg2 19. Kxg2 Qf5 20. Rh1 Nd5 21. Qd2 Qg6 22. h4 e4 23. f4 Bxf4 24. Qe1 0-1

[Event "ENG-ch U1700 Women"]
[Site "Kenilworth"]
[Date "2025.07.19"]
[Round "3.1"]
[White "Bedi, Devina"]
[Black "Singha, Swati"]
[Result "0-1"]
[WhiteElo "1506"]
[BlackElo "1641"]
[PlyCount "157"]
[EventDate "2025.07.18"]
[EventType "swiss"]
[EventRounds "7"]
[EventCountry "ENG"]
[SourceTitle "BritBase"]
[Source "John Saunders"]
[SourceDate "2025.07.24"]
[SourceVersion "1"]
[SourceVersionDate "2025.07.24"]
[SourceQuality "1"]

1. d4 d5 2. c4 c6 3. Nc3 Nf6 4. Bg5 e6 5. e3 h6 6. Bh4 Bd6 7. c5 Bc7 8. Bd3 g5 9. Bg3 Bxg3 10. hxg3 Qe7 11. Nf3 Nfd7 12. e4 e5 13. Bc2 f5 14. Qd2 dxe4 15. Nxg5 Qf6 16. dxe5 Qxe5 17. Bb3 hxg5 18. Rxh8+ Qxh8 19. O-O-O Qf6 20. Qe3 Na6 21. Rd6 Qg7 22. g4 Ndxc5 23. Bc2 Qe5 24. Rg6 Qf4 25. Rg8+ Ke7 26. Rxg5 Qxe3+ 27. fxe3 Nd3+ 28. Bxd3 exd3 29. Kd2 Kf6 30. Rg8 Kf7 31. Rd8 Nc7 32. gxf5 Bxf5 33. Rxa8 Nxa8 34. e4 Bg6 35. Kxd3 Nc7 36. Kd4 Ke6 37. Ne2 Nb5+ 38. Kc5 Bxe4 39. a4 Nc7 40. a5 Ke5 41. g3 Ne6+ 42. Kb4 c5+ 43. Kc3 Bf3 44. Nc1 Bg4 45. Nb3 Kd5 46. Nd2 Ng5 47. b4 Bf5 48. Kb3 Ne4 49. Nf1 c4+ 50. Kb2 Kd4 51. Kc1 Kd3 52. b5 Ke2 53. Nh2 Nxg3 54. Kb2 Kf2 55. Kc3 Be6 56. Ng4+ Bxg4 57. Kxc4 Be2+ 58. Kc5 Ne4+ 59. Kb4 Nd6 60. b6 a6 61. Kc5 Nc8 62. Kb4 Ke3 63. Kc3 Ke4 64. Kb4 Kd5 65. Kb3 Kc5 66. Ka4 Bd1+ 67. Ka3 Kb5 68. Kb2 Kxa5 69. Ka3 Nxb6 70. Ka2 Na4 71. Ka3 b5 72. Ka2 b4 73. Kb1 b3 74. Ka1 Nc5 75. Kb1 Kb4 76. Kb2 a5 77. Kb1 a4 78. Ka1 a3 79. Kb1 0-1

[Event "ENG-ch U1700 Women"]
[Site "Kenilworth"]
[Date "2025.07.19"]
[Round "3.2"]
[White "Van Neerven, Yvon"]
[Black "Burgess, Rose"]
[Result "0-1"]
[WhiteElo "1575"]
[BlackElo "1542"]
[PlyCount "80"]
[EventDate "2025.07.18"]
[EventType "swiss"]
[EventRounds "7"]
[EventCountry "ENG"]
[SourceTitle "BritBase"]
[Source "John Saunders"]
[SourceDate "2025.07.24"]
[SourceVersion "1"]
[SourceVersionDate "2025.07.24"]
[SourceQuality "1"]

1. Nf3 d5 2. g3 Nf6 3. Bg2 Bf5 4. O-O Nc6 5. d3 Qd7 6. Nbd2 Bh3 7. e4 Bxg2 8. Kxg2 dxe4 9. Nxe4 O-O-O 10. Re1 Nxe4 11. Rxe4 Qd5 12. Bf4 f6 13. a3 g5 14. Be3 f5 15. c4 Qg8 16. Rd4 Nxd4 17. Bxd4 Bg7 18. Bxg7 Qxg7 19. Qe2 Rhe8 20. Qe6+ Kb8 21. Qxf5 Qxb2 22. Re1 h6 23. Qc5 Rxd3 24. Rxe7 Rxe7 25. Qxe7 Qh8 26. Ne5 Qd8 27. Qg7 Rxa3 28. Qxh6 a5 29. Nf7 Qe8 30. Nxg5 Ra1 31. Nf3 a4 32. Qf6 Rd1 33. Qc3 Qe4 34. Kh3 Rd3 35. Qh8+ Ka7 36. Nh4 a3 37. Ng2 Qf5+ 38. Kh4 Qxf2 39. Kh3 a2 40. Qe5 Rd1 0-1

[Event "ENG-ch U1700 Women"]
[Site "Kenilworth"]
[Date "2025.07.19"]
[Round "3.3"]
[White "Agarwal, Aditi"]
[Black "Lu, Mobai"]
[Result "1-0"]
[WhiteElo "1676"]
[BlackElo "1144"]
[PlyCount "69"]
[EventDate "2025.07.18"]
[EventType "swiss"]
[EventRounds "7"]
[EventCountry "ENG"]
[SourceTitle "BritBase"]
[Source "John Saunders"]
[SourceDate "2025.07.24"]
[SourceVersion "1"]
[SourceVersionDate "2025.07.24"]
[SourceQuality "1"]

1. Nf3 Nf6 2. g3 d5 3. Bg2 c6 4. d3 Bg4 5. Nbd2 Nbd7 6. O-O e5 7. e4 Bd6 8. Re1 O-O 9. h3 Bh5 10. a4 a5 11. Nf1 Re8 12. Ne3 Bf8 13. g4 Bg6 14. Nh4 Nc5 15. Nxg6 hxg6 16. exd5 cxd5 17. d4 exd4 18. Qxd4 Nce4 19. Rd1 Bc5 20. Qd3 Bxe3 21. Bxe3 b6 22. Qb5 Rb8 23. g5 Nh7 24. Bf4 Rc8 25. Rxd5 Qe7 26. Re5 Nd6 27. Rxe7 Nxb5 28. Rxe8+ Rxe8 29. axb5 Nf8 30. Rd1 Re6 31. Rd8 f6 32. Bd6 Rxd6 33. Rxd6 fxg5 34. Bd5+ Kh8 35. Rd8 1-0

[Event "ENG-ch U1700 Women"]
[Site "Kenilworth"]
[Date "2025.07.19"]
[Round "3.4"]
[White "Ravi, Vaishnavi"]
[Black "Mehta, Zara"]
[Result "1-0"]
[WhiteElo "1634"]
[BlackElo "1429"]
[PlyCount "79"]
[EventDate "2025.07.18"]
[EventType "swiss"]
[EventRounds "7"]
[EventCountry "ENG"]
[SourceTitle "BritBase"]
[Source "John Saunders"]
[SourceDate "2025.07.24"]
[SourceVersion "1"]
[SourceVersionDate "2025.07.24"]
[SourceQuality "1"]

1. d4 Nf6 2. c4 d5 3. cxd5 Qxd5 4. Nc3 Qd8 5. e4 c6 6. Bc4 g6 7. Nf3 Bg7 8. O-O O-O 9. Re1 Be6 10. Bxe6 fxe6 11. Ng5 Qd7 12. Qb3 Kh8 13. Nxe6 Re8 14. Be3 b6 15. Rad1 b5 16. Bf4 Na6 17. Re3 Nh5 18. Nxg7 Nxg7 19. Be5 Rf8 20. Rh3 b4 21. Ne2 Rad8 22. Nf4 Rxf4 23. Bxf4 Nc5 24. Qg3 Kg8 25. Qh4 h5 26. Be5 Qe6 27. Re1 Na4 28. Rb3 a5 29. Qg5 Rf8 30. Qh6 Rf7 31. Ree3 Qc4 32. Rf3 Qe2 33. h3 Qe1+ 34. Kh2 Nc3 35. Rxf7 Kxf7 36. Qxg7+ Ke6 37. Qxg6+ Kd7 38. bxc3 bxc3 39. Qf5+ Ke8 40. Rb8# 1-0

[Event "ENG-ch U1700 Women"]
[Site "Kenilworth"]
[Date "2025.07.19"]
[Round "3.5"]
[White "Sengenberger, Sara"]
[Black "Prabhakaran, Anvikkashri"]
[Result "1/2-1/2"]
[WhiteElo "1661"]
[BlackElo "1633"]
[PlyCount "86"]
[EventDate "2025.07.18"]
[EventType "swiss"]
[EventRounds "7"]
[EventCountry "ENG"]
[SourceTitle "BritBase"]
[Source "John Saunders"]
[SourceDate "2025.07.24"]
[SourceVersion "1"]
[SourceVersionDate "2025.07.24"]
[SourceQuality "1"]

1. e4 e6 2. d4 d5 3. Bd3 dxe4 4. Bxe4 Nf6 5. Bf3 Be7 6. Ne2 O-O 7. Nbc3 c6 8. O-O Nd5 9. Ne4 Nd7 10. c4 N5f6 11. N2c3 Nxe4 12. Nxe4 Nf6 13. Qc2 Qxd4 14. Be3 Qe5 15. Rad1 Nxe4 16. Bd4 Qc7 17. Bxe4 h6 18. g3 e5 19. Bc3 Bh3 20. Rfe1 Bf6 21. Qe2 Rad8 22. Qh5 Rxd1 23. Rxd1 Be6 24. b3 Qc8 25. Bf3 e4 26. Bxf6 exf3 27. Bc3 Bg4 28. Qe5 f6 29. Qe1 Bh3 30. Rd4 Bg2 31. Re4 Rd8 32. Rd4 Re8 33. Re4 Rxe4 34. Qxe4 Qd7 35. Qe1 Qh3 36. Qe8+ Kh7 37. Qe4+ f5 38. Qe7 Qg4 39. Qxb7 Qg5 40. Be1 f4 41. Qxc6 fxg3 42. Qe4+ Kh8 43. Qe8+ Kh7 1/2-1/2

[Event "ENG-ch U1700 Women"]
[Site "Kenilworth"]
[Date "2025.07.19"]
[Round "3.6"]
[White "Boztas, Lana"]
[Black "Patel, Diah"]
[Result "0-1"]
[WhiteElo "1616"]
[BlackElo "1547"]
[PlyCount "62"]
[EventDate "2025.07.18"]
[EventType "swiss"]
[EventRounds "7"]
[EventCountry "ENG"]
[SourceTitle "BritBase"]
[Source "John Saunders"]
[SourceDate "2025.07.24"]
[SourceVersion "1"]
[SourceVersionDate "2025.07.24"]
[SourceQuality "1"]

1. c4 e5 2. Nc3 Bc5 3. Nf3 d6 4. g3 Nf6 5. Bg2 Be6 6. Ng5 c6 7. Nxe6 fxe6 8. O-O O-O 9. d3 Nbd7 10. a3 Qe7 11. e3 d5 12. b4 Bb6 13. c5 Bc7 14. Bb2 d4 15. exd4 exd4 16. Ne2 e5 17. Re1 Ng4 18. Rf1 Qf7 19. Qe1 Qb3 20. Qd2 Rf7 21. h3 Nh6 22. f4 Nf5 23. Be4 Ne3 24. Rfb1 Qe6 25. f5 Nxf5 26. Qg5 Ne3 27. g4 Bd8 28. Qh5 Nf6 29. Qh4 Nxe4 30. Qe1 Nf2 31. Kh2 Qh6 0-1

[Event "ENG-ch U1700 Women"]
[Site "Kenilworth"]
[Date "2025.07.19"]
[Round "3.8"]
[White "Amudhavel, Aadharshini"]
[Black "Ou, Siyao"]
[Result "1-0"]
[WhiteElo "1573"]
[BlackElo "1468"]
[PlyCount "63"]
[EventDate "2025.07.18"]
[EventType "swiss"]
[EventRounds "7"]
[EventCountry "ENG"]
[SourceTitle "BritBase"]
[Source "John Saunders"]
[SourceDate "2025.07.24"]
[SourceVersion "1"]
[SourceVersionDate "2025.07.24"]
[SourceQuality "1"]

1. e4 e6 2. d4 d5 3. exd5 exd5 4. Nf3 Bd6 5. Nc3 c6 6. Bd3 Bg4 7. h3 Bh5 8. g4 Bg6 9. Bg5 Ne7 10. Qe2 Bxd3 11. Qxd3 h6 12. Be3 Ng6 13. O-O-O Nd7 14. Rde1 Ne7 15. h4 Qc7 16. Na4 g6 17. Qb3 O-O-O 18. Bd2 Rde8 19. Re3 Nb6 20. Ba5 Bf4 21. Bxb6 Bxe3+ 22. fxe3 axb6 23. Nxb6+ Kd8 24. Ne5 Nc8 25. Nxc8 Kxc8 26. Qa3 Kd8 27. Qa8+ Ke7 28. Qa3+ Kd8 29. Qa8+ Ke7 30. Qa3+ Qd6 31. Rf1 Rh7 32. Rf6 1-0

[Event "ENG-ch U1700 Women"]
[Site "Kenilworth"]
[Date "2025.07.19"]
[Round "3.9"]
[White "Gunarathne, Miheli"]
[Black "Ou, Siyuan"]
[Result "0-1"]
[WhiteElo "1492"]
[BlackElo "1631"]
[PlyCount "139"]
[EventDate "2025.07.18"]
[EventType "swiss"]
[EventRounds "7"]
[EventCountry "ENG"]
[SourceTitle "BritBase"]
[Source "John Saunders"]
[SourceDate "2025.07.24"]
[SourceVersion "1"]
[SourceVersionDate "2025.07.24"]
[SourceQuality "1"]

1. e4 c5 2. Nf3 Nc6 3. d4 cxd4 4. Nxd4 g6 5. Nc3 Bg7 6. Nf3 Nf6 7. Bd3 d6 8. h3 Bd7 9. O-O O-O 10. Re1 Re8 11. Bg5 Qa5 12. Qd2 Ne5 13. Nxe5 Qxe5 14. Rad1 Bc6 15. Bf4 Qa5 16. Bc4 Qb4 17. b3 Rac8 18. Nb1 Qxd2 19. Nxd2 Nh5 20. Bh2 b5 21. Bd3 Bc3 22. Re2 Bd7 23. e5 d5 24. Nf3 e6 25. g4 Ng7 26. Bf4 Bc6 27. Nh2 Red8 28. Bd2 Bd7 29. Bg5 Re8 30. Bd2 Rc7 31. Bxc3 Rxc3 32. Nf3 Rb8 33. Ree1 Ne8 34. Nd4 Nc7 35. Ne2 Rc5 36. Nd4 Rb6 37. Re3 Na6 38. a3 Rc8 39. Kh2 Nc5 40. Bf1 Ne4 41. f3 Nc3 42. Rdd3 Nb1 43. b4 Rb7 44. Rd1 Nc3 45. Rc1 Rbc7 46. Kg1 a6 47. Kh2 Na4 48. Kg1 Rc3 49. Re2 Rxa3 50. Rb1 Nc3 51. Ree1 Nxb1 52. Rxb1 Rcc3 53. Bd3 Ra2 54. Kh1 a5 55. bxa5 Rxa5 56. Kg1 Rca3 57. Bxb5 Bxb5 58. Nxb5 Rxf3 59. Kg2 Re3 60. Nd6 Ra8 61. Rf1 Rf8 62. Kf2 Rxe5 63. Re1 Rxe1 64. Kxe1 Rd8 65. Nb5 d4 66. Kd2 e5 67. Kd3 f6 68. h4 Kf7 69. g5 Rd7 70. gxf6 0-1

[Event "ENG-ch U1700 Women"]
[Site "Kenilworth"]
[Date "2025.07.19"]
[Round "4.1"]
[White "Singha, Swati"]
[Black "Burgess, Rose"]
[Result "1-0"]
[WhiteElo "1641"]
[BlackElo "1542"]
[PlyCount "105"]
[EventDate "2025.07.18"]
[EventType "swiss"]
[EventRounds "7"]
[EventCountry "ENG"]
[SourceTitle "BritBase"]
[Source "John Saunders"]
[SourceDate "2025.07.24"]
[SourceVersion "1"]
[SourceVersionDate "2025.07.24"]
[SourceQuality "1"]

1. e4 e5 2. Nc3 Nc6 3. Nf3 Nf6 4. a3 a6 5. Bc4 Nxe4 6. Bxf7+ Kxf7 7. Nxe4 d5 8. Neg5+ Kg8 9. d4 e4 10. Ne5 Nxe5 11. dxe5 Bf5 12. e6 Bg6 13. O-O h6 14. Nh3 c6 15. Qg4 Qf6 16. Nf4 Bf5 17. Qg3 Bxe6 18. Ng6 Rh7 19. f4 Bc5+ 20. Kh1 Bf5 21. Ne5 Re8 22. Qb3 Re7 23. Bd2 Bd4 24. Bc3 Bxc3 25. Qxc3 g5 26. Qg3 Rhg7 27. Ng4 Bxg4 28. Qxg4 gxf4 29. Rxf4 Qxb2 30. Qc8+ Kh7 31. Qf5+ Rg6 32. Rg1 Qe5 33. Qf8 Re8 34. Rf7+ Rg7 35. Rxg7+ Qxg7 36. Qxe8 h5 37. Qxh5+ Kg8 38. Rf1 Qc3 39. Qg6+ Qg7 40. Qe8+ Kh7 41. Rf7 Qxf7 42. Qxf7+ Kh6 43. Qxb7 e3 44. Qxc6+ Kg7 45. Qxd5 e2 46. Qe5+ Kf7 47. Qxe2 a5 48. Qf3+ Kg7 49. Qg4+ Kf7 50. Qf5+ Kg8 51. Qxa5 Kf7 52. Qe5 Kg6 53. h4 1-0

[Event "ENG-ch U1700 Women"]
[Site "Kenilworth"]
[Date "2025.07.19"]
[Round "4.2"]
[White "Patel, Diah"]
[Black "Agarwal, Aditi"]
[Result "1-0"]
[WhiteElo "1547"]
[BlackElo "1676"]
[PlyCount "39"]
[EventDate "2025.07.18"]
[EventType "swiss"]
[EventRounds "7"]
[EventCountry "ENG"]
[SourceTitle "BritBase"]
[Source "John Saunders"]
[SourceDate "2025.07.24"]
[SourceVersion "1"]
[SourceVersionDate "2025.07.24"]
[SourceQuality "1"]

1. d4 d5 2. c4 c6 3. Nc3 Nf6 4. Bg5 Nbd7 5. e3 g6 6. Nf3 Bg7 7. Be2 O-O 8. O-O dxc4 9. Bxc4 e6 10. e4 h6 11. Bh4 b5 12. Bd3 Qb6 13. e5 Nd5 14. Ne4 Nf4 15. Nd6 Nxd3 16. Qxd3 Ba6 17. Qe4 c5 18. Be7 cxd4 19. Bxf8 Bxf8 20. Qxa8 1-0

[Event "ENG-ch U1700 Women"]
[Site "Kenilworth"]
[Date "2025.07.19"]
[Round "4.3"]
[White "Amudhavel, Aadharshini"]
[Black "Ravi, Vaishnavi"]
[Result "0-1"]
[WhiteElo "1573"]
[BlackElo "1634"]
[PlyCount "78"]
[EventDate "2025.07.18"]
[EventType "swiss"]
[EventRounds "7"]
[EventCountry "ENG"]
[SourceTitle "BritBase"]
[Source "John Saunders"]
[SourceDate "2025.07.24"]
[SourceVersion "1"]
[SourceVersionDate "2025.07.24"]
[SourceQuality "1"]

1. e4 c5 2. Nf3 Nc6 3. Bc4 d6 4. h3 Nf6 5. Nc3 g6 6. d3 Bg7 7. O-O O-O 8. Be3 Na5 9. Bb3 Nxb3 10. cxb3 b6 11. e5 dxe5 12. Nxe5 Nd5 13. Nc6 Nxc3 14. bxc3 Qd7 15. Nxe7+ Qxe7 16. Rc1 Bb7 17. Re1 Qd7 18. Bf4 Qd5 19. Qg4 Rfe8 20. d4 Rxe1+ 21. Rxe1 Qc6 22. Re7 Bc8 23. Qe2 Bd7 24. a3 Re8 25. b4 Rxe7 26. Qxe7 Bf6 27. Qe3 Bxd4 28. Qe7 Qe6 29. Qd8+ Be8 30. Kf1 Bxc3 31. Kg1 cxb4 32. axb4 Bxb4 33. g4 h5 34. g5 Qd7 35. Qxb6 Bc3 36. h4 Qf5 37. Qb8 Qc5 38. Bd6 Qc4 39. Qb7 Bb2 0-1

[Event "ENG-ch U1700 Women"]
[Site "Kenilworth"]
[Date "2025.07.19"]
[Round "4.4"]
[White "Royce, Anastasija"]
[Black "Bedi, Devina"]
[Result "1/2-1/2"]
[WhiteElo "1578"]
[BlackElo "1506"]
[PlyCount "93"]
[EventDate "2025.07.18"]
[EventType "swiss"]
[EventRounds "7"]
[EventCountry "ENG"]
[SourceTitle "BritBase"]
[Source "John Saunders"]
[SourceDate "2025.07.24"]
[SourceVersion "1"]
[SourceVersionDate "2025.07.24"]
[SourceQuality "1"]

1. e4 c6 2. d4 d5 3. e5 c5 4. c3 Nc6 5. Bb5 e6 6. Bxc6+ bxc6 7. Ne2 Ne7 8. Bg5 Qb6 9. b3 cxd4 10. cxd4 h6 11. Bxe7 Bxe7 12. O-O Ba6 13. Re1 c5 14. Nbc3 cxd4 15. Na4 Qb8 16. Nxd4 O-O 17. Nc6 Qb7 18. Nxe7+ Qxe7 19. Qd4 Rac8 20. Rac1 Rc7 21. Nc5 Rcc8 22. b4 Bc4 23. a3 a5 24. Re3 axb4 25. axb4 Ra8 26. Qd2 Ra7 27. Rg3 Kh8 28. h3 Ra2 29. Qc3 Rfa8 30. Rb1 g6 31. Qe3 Kg7 32. Qf4 g5 33. h4 f6 34. exf6+ Qxf6 35. Qxf6+ Kxf6 36. hxg5+ hxg5 37. Nd7+ Ke7 38. Nb6 Rf8 39. Nxc4 dxc4 40. Rf3 Rxf3 41. gxf3 c3 42. Kf1 Rb2 43. Rc1 Rxb4 44. Rxc3 Kf6 45. Kg2 Kg7 46. Kg3 Kh8 47. Rc7 1/2-1/2

[Event "ENG-ch U1700 Women"]
[Site "Kenilworth"]
[Date "2025.07.19"]
[Round "4.5"]
[White "Lu, Mobai"]
[Black "Van Neerven, Yvon"]
[Result "0-1"]
[WhiteElo "1144"]
[BlackElo "1575"]
[PlyCount "132"]
[EventDate "2025.07.18"]
[EventType "swiss"]
[EventRounds "7"]
[EventCountry "ENG"]
[SourceTitle "BritBase"]
[Source "John Saunders"]
[SourceDate "2025.07.24"]
[SourceVersion "1"]
[SourceVersionDate "2025.07.24"]
[SourceQuality "1"]

1. d4 Nf6 2. c4 g6 3. Nc3 Bg7 4. e4 d6 5. Nf3 O-O 6. Be3 e5 7. Bd3 Nbd7 8. O-O Re8 9. Re1 exd4 10. Nxd4 Nc5 11. Qc2 Ng4 12. Nf3 Nxe3 13. Rxe3 Nxd3 14. Qxd3 b6 15. Rd1 Bb7 16. Rc1 Bh6 17. Rce1 Bxe3 18. Rxe3 Qf6 19. Re2 Re7 20. Nd5 Bxd5 21. cxd5 Qf4 22. h3 Rae8 23. Nd2 f5 24. f3 Qe5 25. Nc4 fxe4 26. Rxe4 Qg3 27. Nd2 Rxe4 28. Nxe4 Qf4 29. b3 Qe5 30. Qa6 Rf8 31. Qxa7 Rf7 32. Qa8+ Kg7 33. Qc6 Qg5 34. a4 h6 35. Qb5 Rf5 36. Qd7+ Rf7 37. Qb5 h5 38. b4 h4 39. Nf2 Qc1+ 40. Qf1 Qxf1+ 41. Kxf1 Rf5 42. Ke2 Rxd5 43. Ke3 c5 44. bxc5 dxc5 45. Nd3 Rd4 46. Nb2 Kf6 47. g4 hxg3 48. h4 Rb4 49. f4 g5 50. Nd3 gxf4+ 51. Nxf4 Kf5 52. Nd5 b5 53. Nc3 Rb3 54. Kd2 Rxc3 55. Kxc3 Kg4 56. Kb3 Kxh4 57. Kb2 Kg5 58. Kc3 Kf4 59. Kb3 Ke3 60. Kb2 c4 61. Kb1 c3 62. Kc1 b4 63. Kb1 b3 64. Ka1 c2 65. Kb2 Kd2 66. Ka1 c1=Q# 0-1

[Event "ENG-ch U1700 Women"]
[Site "Kenilworth"]
[Date "2025.07.19"]
[Round "4.6"]
[White "Prabhakaran, Anvikkashri"]
[Black "Ou, Siyuan"]
[Result "1/2-1/2"]
[WhiteElo "1633"]
[BlackElo "1631"]
[PlyCount "61"]
[EventDate "2025.07.18"]
[EventType "swiss"]
[EventRounds "7"]
[EventCountry "ENG"]
[SourceTitle "BritBase"]
[Source "John Saunders"]
[SourceDate "2025.07.24"]
[SourceVersion "1"]
[SourceVersionDate "2025.07.24"]
[SourceQuality "1"]

1. d4 e6 2. c4 d5 3. Nc3 Nf6 4. Nf3 Be7 5. Bf4 c6 6. e3 Nbd7 7. Bd3 dxc4 8. Bxc4 Nb6 9. Bb3 Bd7 10. O-O O-O 11. Rc1 Rc8 12. Re1 Nbd5 13. Nxd5 exd5 14. h3 Ne4 15. Bc2 Bf5 16. a3 Re8 17. Nd2 Bd6 18. Bxd6 Qxd6 19. Nxe4 Bxe4 20. Bxe4 Rxe4 21. Qd2 Rh4 22. Qc2 Qf6 23. Qb3 Rc7 24. Qd3 Qg5 25. Kh2 Rh6 26. Qe2 Rg6 27. Qf3 Rf6 28. Qg3 Qxg3+ 29. Kxg3 Re6 30. b4 b6 31. Rc2 1/2-1/2

[Event "ENG-ch U1700 Women"]
[Site "Kenilworth"]
[Date "2025.07.19"]
[Round "4.7"]
[White "Mehta, Zara"]
[Black "Sengenberger, Sara"]
[Result "1/2-1/2"]
[WhiteElo "1429"]
[BlackElo "1661"]
[PlyCount "128"]
[EventDate "2025.07.18"]
[EventType "swiss"]
[EventRounds "7"]
[EventCountry "ENG"]
[SourceTitle "BritBase"]
[Source "John Saunders"]
[SourceDate "2025.07.24"]
[SourceVersion "1"]
[SourceVersionDate "2025.07.24"]
[SourceQuality "1"]

1. d4 e6 2. Bf4 f5 3. e3 Nf6 4. Nf3 b6 5. Nbd2 Bb7 6. Bd3 d6 7. O-O Ne4 8. c3 Be7 9. Qc2 Nxd2 10. Nxd2 g5 11. Bg3 h5 12. h3 h4 13. Bh2 Nd7 14. a4 a5 15. Rfc1 Nf6 16. b4 g4 17. hxg4 Nxg4 18. f3 Nxe3 19. Qb3 Bd5 20. c4 Rg8 21. Bf1 Bb7 22. Qxe3 Qd7 23. b5 Bg5 24. Bf4 Bxf4 25. Qxf4 Qh7 26. Re1 O-O-O 27. Rxe6 Rg6 28. Rae1 Rdg8 29. Re8+ Rxe8 30. Rxe8+ Kd7 31. Rf8 Qg7 32. Qxf5+ Ke7 33. Rb8 Qxd4+ 34. Kh2 Rf6 35. Qh7+ Rf7 36. Qg8 Qxd2 37. Rxb7 Qf4+ 38. Kh1 d5 39. cxd5 Kd6 40. Qe8 Kc5 41. Qc6+ Kb4 42. d6 cxd6 43. Rxf7 Qxf7 44. Qxd6+ Kb3 45. Qxb6 h3 46. Qxa5 hxg2+ 47. Bxg2 Qh5+ 48. Kg1 Qc5+ 49. Kf1 Qc4+ 50. Kf2 Qc5+ 51. Ke2 Qe5+ 52. Kd3 Qd5+ 53. Ke2 Qe5+ 54. Kf2 Qd4+ 55. Kg3 Qg7+ 56. Kf4 Qf6+ 57. Ke4 Qe6+ 58. Kf4 Qf6+ 59. Ke3 Qe5+ 60. Kf2 Qd4+ 61. Kf1 Qc4+ 62. Kg1 Qc5+ 63. Kh2 Qe5+ 64. Kg1 Qc5+ 1/2-1/2

[Event "ENG-ch U1700 Women"]
[Site "Kenilworth"]
[Date "2025.07.19"]
[Round "4.9"]
[White "Ou, Siyao"]
[Black "Gunarathne, Miheli"]
[Result "1/2-1/2"]
[WhiteElo "1468"]
[BlackElo "1492"]
[PlyCount "74"]
[EventDate "2025.07.18"]
[EventType "swiss"]
[EventRounds "7"]
[EventCountry "ENG"]
[SourceTitle "BritBase"]
[Source "John Saunders"]
[SourceDate "2025.07.24"]
[SourceVersion "1"]
[SourceVersionDate "2025.07.24"]
[SourceQuality "1"]

1. e4 d5 2. exd5 Qxd5 3. Nc3 Qd6 4. d4 Nf6 5. h3 c6 6. Nf3 Bf5 7. Bc4 e6 8. Bb3 Be7 9. Be3 Qc7 10. Qd2 Nbd7 11. Nh4 Bg6 12. Nxg6 hxg6 13. O-O-O b5 14. g4 a5 15. a4 b4 16. Ne2 c5 17. dxc5 Nxc5 18. Kb1 O-O 19. Ng3 Qc6 20. Bxc5 Bxc5 21. Qe2 Qb6 22. Rh2 Bd6 23. Rg2 Qc6 24. f3 Qc7 25. Ne4 Nxe4 26. fxe4 e5 27. Qf2 Be7 28. Rh2 Rad8 29. Rc1 Bc5 30. Qe2 Bd6 31. Rhh1 Be7 32. g5 Qd7 33. Rhd1 Qc7 34. Rh1 Qd7 35. Rhd1 Qc7 36. Rh1 Qd7 37. Rhd1 Qc7 1/2-1/2

[Event "ENG-ch U1700 Women"]
[Site "Kenilworth"]
[Date "2025.07.20"]
[Round "5.1"]
[White "Van Neerven, Yvon"]
[Black "Singha, Swati"]
[Result "0-1"]
[WhiteElo "1575"]
[BlackElo "1641"]
[PlyCount "30"]
[EventDate "2025.07.18"]
[EventType "swiss"]
[EventRounds "7"]
[EventCountry "ENG"]
[SourceTitle "BritBase"]
[Source "John Saunders"]
[SourceDate "2025.07.24"]
[SourceVersion "1"]
[SourceVersionDate "2025.07.24"]
[SourceQuality "1"]

1. Nf3 d5 2. g3 Nf6 3. Bg2 Nc6 4. O-O Bg4 5. d3 Bxf3 6. Bxf3 e5 7. Nd2 h5 8. c4 h4 9. cxd5 Nd4 10. e3 Nxf3+ 11. Nxf3 hxg3 12. Qa4+ Nd7 13. hxg3 Bd6 14. e4 Qf6 15. Be3 Qxf3 0-1

[Event "ENG-ch U1700 Women"]
[Site "Kenilworth"]
[Date "2025.07.20"]
[Round "5.2"]
[White "Ravi, Vaishnavi"]
[Black "Patel, Diah"]
[Result "1-0"]
[WhiteElo "1634"]
[BlackElo "1547"]
[PlyCount "47"]
[EventDate "2025.07.18"]
[EventType "swiss"]
[EventRounds "7"]
[EventCountry "ENG"]
[SourceTitle "BritBase"]
[Source "John Saunders"]
[SourceDate "2025.07.24"]
[SourceVersion "1"]
[SourceVersionDate "2025.07.24"]
[SourceQuality "1"]

1. d4 d5 2. c4 e6 3. Nc3 Nf6 4. Bg5 Nbd7 5. e3 h6 6. Bh4 Be7 7. Nf3 b6 8. cxd5 exd5 9. Ne5 Nxe5 10. dxe5 Nd7 11. Qxd5 Rb8 12. Bg3 Bb7 13. Qc4 b5 14. Nxb5 O-O 15. Nc3 Nb6 16. Qg4 Nd5 17. Bc4 Nxc3 18. bxc3 Bxg2 19. Rg1 Bd5 20. Bd3 Bf3 21. Qd4 Qc8 22. e6 Qxe6 23. Qxg7+ Kxg7 24. Be5# 1-0